[Event "Sandefjord Caissa CC-ch"]
[Site "Sandefjord"]
[Date "2006.01.16"]
[Round "1"]
[White "Hansen, Rune Vik"]
[Black "Johansen, Johan"]
[Result "1-0"]
[WhiteElo "1793"]
[BlackElo "1434"]
[PlyCount "71"]
[EventDate "2006.01.16"]
[EventType "swiss"]
[EventRounds "8"]
[EventCountry "NOR"]
[SourceTitle "EXT 2007"]
[Source "ChessBase"]
[SourceDate "2006.11.23"]
[SourceVersion "1"]
[SourceVersionDate "2006.11.23"]
[SourceQuality "1"]

1. Nf3 Nc6 2. b3 Nf6 3. Bb2 g6 4. e3 Bg7 5. Be2 d6 6. d4 e6 7. c4 0-0 8. 0-0 d5 9. Nc3 Ne7 10. Ne5 c6 11. f4 Nd7 12. Ba3 Re8 13. Bxe7 Qxe7 14. c5 f6 15. Nxd7 Bxd7 16. e4 b5 17. b4 a5 18. a3 axb4 19. axb4 Qf8 20. Qd2 Rxa1 21. Rxa1 Ra8 22. Qb2 Qc8 23. Kf2 e5 24. exd5 exd4 25. Ne4 Rxa1 26. Qxa1 Qb8 27. d6 f5 28. Ng5 d3 29. Qa2+ Kh8 30. Nf7+ Kg8 31. Bxd3 Bd4+ 32. Kf1 Qe8 33. Ne5+ Be6 34. d7 Qe7 35. Qa8+ Kg7 36. d8Q 1-0

[Event "Sandefjord Hostturneringen"]
[Site "Sandefjord"]
[Date "2003.09.01"]
[Round "1"]
[White "Johansen, Johan"]
[Black "Tidemann Andersen, Leif"]
[Result "1/2-1/2"]
[WhiteElo "1518"]
[BlackElo "1488"]
[PlyCount "68"]
[EventDate "2003.09.??"]
[EventType "swiss"]
[EventRounds "9"]
[EventCountry "NOR"]
[SourceTitle "EXT 2005"]
[Source "ChessBase"]
[SourceDate "2004.11.15"]
[SourceVersion "1"]
[SourceVersionDate "2004.11.15"]
[SourceQuality "1"]

1. d4 d5 2. c4 e6 3. Nc3 Bb4 4. a3 Bxc3+ 5. bxc3 Ne7 6. Nf3 0-0 7. e3 b6 8. Bd3 Ba6 9. Qe2 Nd7 10. 0-0 c5 11. a4 dxc4 12. Bxc4 Bxc4 13. Qxc4 Rc8 14. Qd3 cxd4 15. cxd4 Nd5 16. Bd2 Qe7 17. e4 Nb4 18. Qb3 a5 19. Rab1 Nc6 20. d5 exd5 21. exd5 Nce5 22. Nxe5 Qxe5 23. Rfe1 Qd6 24. g3 Rc5 25. Be3 Rxd5 26. Bxb6 Rb8 27. Qe3 Re5 28. Red1 Qe6 29. Qd4 Nxb6 30. Rxb6 Rxb6 31. Qd8+ Qe8 32. Qxb6 Re1+ 33. Rxe1 Qxe1+ 34. Kg2 h6 1/2-1/2

[Event "Sandefjord CC-ch"]
[Site "Sandefjord"]
[Date "2003.01.13"]
[Round "1"]
[White "Tuft, Ole Richard"]
[Black "Johansen, Johan"]
[Result "1-0"]
[WhiteElo "1489"]
[BlackElo "1534"]
[PlyCount "61"]
[EventDate "2003.01.??"]
[EventType "swiss"]
[EventRounds "8"]
[EventCountry "NOR"]
[SourceTitle "EXT 2005"]
[Source "ChessBase"]
[SourceDate "2004.11.15"]
[SourceVersion "1"]
[SourceVersionDate "2004.11.15"]
[SourceQuality "1"]

1. d4 d5 2. c4 e6 3. cxd5 exd5 4. Nc3 Nf6 5. Bg5 c6 6. e3 Be7 7. Qc2 0-0 8. Bd3 Nbd7 9. Nge2 Re8 10. 0-0 Nf8 11. Rab1 h6 12. Bh4 Nh5 13. Bxe7 Qxe7 14. b4 a6 15. a4 Nf6 16. b5 axb5 17. axb5 Bd7 18. bxc6 bxc6 19. Na4 Ra7 20. Nb6 Rc7 21. Rfc1 Rd8 22. Nc3 Be8 23. Nca4 Ne6 24. Rb3 Rb8 25. Qb1 c5 26. Nxd5 Nxd5 27. Rxb8 cxd4 28. exd4 Nxd4 29. Re1 Ne6 30. Bb5 Nf6 31. Nb6 1-0